[Event "AUT-chT2W 1819"]
[Site "Austria"]
[Date "2018.12.08"]
[Round "4.6"]
[White "Pali, Philipp"]
[Black "Kranewitter, Norbert"]
[Result "1-0"]
[WhiteElo "2071"]
[BlackElo "2008"]
[PlyCount "77"]
[EventDate "2018.10.12"]
[EventType "team-tourn"]
[EventRounds "11"]
[EventCountry "AUT"]
[SourceTitle "CBM 189 Extra"]
[Source "ChessBase"]
[SourceDate "2019.06.03"]
[SourceVersion "1"]
[SourceVersionDate "2019.06.03"]
[SourceQuality "1"]
[WhiteTeam "Oberland"]
[BlackTeam "Kufstein/Woergl"]
[WhiteTeamCountry "AUT"]
[BlackTeamCountry "AUT"]

1. c4 e5 2. g3 Nc6 3. Bg2 f5 4. Nc3 Nf6 5. e3 e4 6. d3 Bb4 7. Nge2 Ne5 8. dxe4 fxe4 9. 0-0 Nf3+ 10. Kh1 Qe7 11. Nxe4 Nxe4 12. Bxf3 c6 13. Qd3 d5 14. Kg1 Bf5 15. Nd4 Bg6 16. Qe2 0-0-0 17. a3 Bd6 18. cxd5 cxd5 19. Bd2 Kb8 20. Qb5 Ka8 21. Bb4 h5 22. Bxd6 Rxd6 23. Qa5 Qd7 24. Rac1 b6 25. Qb5 Qb7 26. h4 Be8 27. Qb4 Rf6 28. Bxe4 dxe4 29. Qc4 Bd7 30. Rc2 Rhf8 31. Rfc1 Bh3 32. Nb5 a6 33. Nc7+ Ka7 34. Qd5 Qb8 35. Qc4 Qb7 36. Qd5 Qb8 37. a4 Rf3 38. Nb5+ axb5 39. Rc7+ 1-0

[Event "Innsbruck op-A 2nd"]
[Site "Innsbruck"]
[Date "2018.08.30"]
[Round "7"]
[White "Degenhard, Simon"]
[Black "Pali, Philipp"]
[Result "1/2-1/2"]
[WhiteElo "2235"]
[BlackElo "2071"]
[PlyCount "64"]
[EventDate "2018.08.24"]
[EventType "swiss"]
[EventRounds "9"]
[EventCountry "AUT"]
[SourceTitle "CBM 186 Extra"]
[Source "ChessBase"]
[SourceDate "2018.08.24"]
[SourceVersion "1"]
[SourceVersionDate "2018.08.24"]
[SourceQuality "1"]

1. d4 f5 2. e4 fxe4 3. Nc3 Nf6 4. Bg5 Nc6 5. d5 Ne5 6. Qe2 d6 7. 0-0-0 g6 8. Nxe4 Bg7 9. h4 Nxe4 10. Qxe4 h6 11. Bd2 0-0 12. f4 Bf5 13. Qe1 Ng4 14. h5 Qe8 15. b3 gxh5 16. Bc3 Qg6 17. Bxg7 Kxg7 18. Nf3 e6 19. dxe6 Qxe6 20. Qc3+ Qf6 21. Nd4 Kh7 22. Qg3 Be4 23. Rxh5 Qxf4+ 24. Qxf4 Rxf4 25. Rh4 h5 26. Rxh5+ Nh6 27. Ne6 Rg4 28. Nxc7 Rc8 29. Rxd6 Rxc7 30. Rdxh6+ Kg7 31. Bc4 Rxg2 32. Rh2 Rxc2+ 1/2-1/2

[Event "Innsbruck op-A 2nd"]
[Site "Innsbruck"]
[Date "2018.08.26"]
[Round "3"]
[White "Venkatesh, Marani Rajendran"]
[Black "Pali, Philipp"]
[Result "1-0"]
[WhiteElo "2499"]
[BlackElo "2071"]
[PlyCount "141"]
[EventDate "2018.08.24"]
[EventType "swiss"]
[EventRounds "9"]
[EventCountry "AUT"]
[SourceTitle "CBM 186 Extra"]
[Source "ChessBase"]
[SourceDate "2018.08.24"]
[SourceVersion "1"]
[SourceVersionDate "2018.08.24"]
[SourceQuality "1"]

1. e4 e6 2. d4 d5 3. Bd3 dxe4 4. Bxe4 Nf6 5. Bf3 c5 6. Ne2 Nc6 7. Be3 Nd5 8. Bxd5 Qxd5 9. Nbc3 Qd7 10. dxc5 Be7 11. Qxd7+ Bxd7 12. 0-0-0 Ne5 13. Bd4 Bf6 14. Ne4 Bc6 15. Nxf6+ gxf6 16. Nf4 Rg8 17. Be3 Ke7 18. Rhg1 Rg4 19. Bd2 Rag8 20. h3 R4g7 21. g4 f5 22. Bc3 f6 23. Rd6 fxg4 24. Rxe6+ Kf7 25. h4 g3 26. Rxg3 Rxg3 27. fxg3 Rxg3 28. Bxe5 fxe5 29. Rxe5 Rg4 30. Rf5+ Ke7 31. h5 Bd7 32. Nd5+ Ke6 33. Rf6+ Ke5 34. Rd6 Bc6 35. Nf6 Rg1+ 36. Kd2 Rg2+ 37. Kc3 Rg3+ 38. Kb4 Rh3 39. c4 Kf5 40. Nd5 Ke5 41. Ne7 Be4 42. Rh6 Rh2 43. b3 Rxa2 44. c6 bxc6 45. Nxc6+ Kf4 46. Nd8 Rd2 47. Nf7 Rd7 48. Rf6+ Ke3 49. Nd6 Bf3 50. h6 Bd1 51. c5 Rc7 52. Nb5 a5+ 53. Kxa5 Rxc5 54. b4 Rh5 55. Kb6 Kd3 56. Rd6+ Kc4 57. Rd4+ Kb3 58. Rxd1 Kxb4 59. Rd4+ Kb3 60. Rd6 Kc4 61. Nc7 Rh4 62. Kc6 Rf4 63. Kd7 Rf7+ 64. Kd8 Kc5 65. Rd7 Rf8+ 66. Ne8 Rh8 67. Rf7 Kd5 68. Ke7 Ke5 69. Rf8 Rxf8 70. Kxf8 Kf5 71. Kg7 1-0

[Event "Innsbruck op-A 2nd"]
[Site "Innsbruck"]
[Date "2018.08.24"]
[Round "1"]
[White "Rogac, Srdjan"]
[Black "Pali, Philipp"]
[Result "1/2-1/2"]
[WhiteElo "2321"]
[BlackElo "2071"]
[PlyCount "38"]
[EventDate "2018.08.24"]
[EventType "swiss"]
[EventRounds "9"]
[EventCountry "AUT"]
[SourceTitle "CBM 186 Extra"]
[Source "ChessBase"]
[SourceDate "2018.08.24"]
[SourceVersion "1"]
[SourceVersionDate "2018.08.24"]
[SourceQuality "1"]

1. Nf3 f5 2. e4 fxe4 3. Ng5 Nf6 4. d3 e5 5. Nxe4 d5 6. Nxf6+ Qxf6 7. Qh5+ g6 8. Qg5 Bg7 9. Nc3 Be6 10. Be2 c6 11. 0-0 0-0 12. Qxf6 Rxf6 13. Bd2 Nd7 14. a3 Rf7 15. Rae1 Raf8 16. Bd1 Nb6 17. b3 Bd7 18. a4 Nc8 19. Ne2 b6 1/2-1/2